Municipios de Burgos en un mapa - Estadísticas

Estadísticas generales
  • Esta prueba ha sido intentada 105 veces
    2 desde el último reinicio
  • La puntuación promedio es 121 de 394
Respuestas en el mapa
Las respuestas están codificadas por una escala verde-roja en el mapa de la prueba según el % correcto abajo.
 
Estadísticas de respuestas
Respuesta % Correcto
Alfoz de Quintanadueñas
100%
Aranda de Duero
100%
Arcos
100%
Arlanzón
100%
Atapuerca
100%
Baños de Valdearados
100%
Belorado
100%
Briviesca
100%
Burgos
100%
Caleruega
100%
Cardeñadijo
100%
Cardeñajimeno
100%
Castrojeriz
100%
Comunero de Revenga (Comunidad de Regumiel de la Sierra,Canicosa de la Sierra y Quintanar de la Sierra)
100%
Comunidad de Arauzo de Miel y Huerta
100%
Comunidad de Caleruega y Coruña del Conde
100%
Comunidad de Covarrubias, Retuerta y Quintanilla del Coco
100%
Comunidad de Hacinas, Salas de los Infantes y Villanueva de Carazo
100%
Comunidad de Hacinas y Salas de los Infantes
100%
Coruña del Conde
100%
Covarrubias
100%
Comunidad de Castrillo de la Reina, Hacinas, Monasterio de la Sierra y Salas de los Infantes
100%
Espinosa de los Monteros
100%
Frías
100%
Gumiel de Izán
100%
Ibeas de Juarros
100%
La Puebla de Arganzón
100%
Ledanía de Castrillo de la Reina, Hacinas y Salas de los Infantes
100%
Lerma
100%
Medina de Pomar
100%
Milagros
100%
Miranda de Ebro
100%
Oña
100%
Orbaneja Riopico
100%
Pancorbo
100%
Quintanar de la Sierra
100%
Roa
100%
Salas de los Infantes
100%
Santo Domingo de Silos
100%
Sasamón
100%
Sedano (Valle de Sedano)
100%
Sotopalacios (Merindad de Rio Ubierna)
100%
Treviño (Condado de Treviño)
100%
Villadiego
100%
Villagonzalo Pedernales
100%
Villahoz
100%
Villalba de Burgos
100%
Villarcayo (Villarcayo de Merindad de Castilla la Vieja)
100%
Villasana de Mena (Valle de Mena)
100%
Abajas
50%
Ameyugo
50%
Anguix
50%
Arandilla
50%
Arauzo de Miel
50%
Arauzo de Salce
50%
Arauzo de Torre
50%
Arija
50%
Bahabón de Esgueva
50%
Barbadillo del Mercado
50%
Barbadillo del Pez
50%
Barrio de Bricia (Alfoz de Bricia)
50%
Barrio de Muñó
50%
Belbimbre
50%
Buniel
50%
Bureba
50%
Busto de Bureba
50%
Cabañes de Esgueva
50%
Canicosa de la Sierra
50%
Carazo
50%
Carcedo de Burgos
50%
Cascajares de la Sierra
50%
Castrillo de la Reina
50%
Castrillo del Val
50%
Cavia
50%
Cebrecos
50%
Cilleruelo de Abajo
50%
Cilleruelo de Arriba
50%
Ciruelos de Cervera
50%
Cogollos
50%
Comunidad de Barbadillo del Pez y Jaramillo de la Fuente
50%
Comunidad de Cabañes de Esgueva, Cilleruelo de Abajo y Santibáñez de Esgueva
50%
Comunidad de Castrillo de la Reina
50%
Comunidad de Cubillo del Campo y Hontoria de la Cantera
50%
Comunidad de Hontoria del Pinar y Palacios de la Sierra
50%
Comunidad de Hortigüela (Jurisdicción de Lara y Mambrillas de Lara)
50%
Comunidad de Palacios de la Sierra y Vilviestre del Pinar
50%
Cubillo del Campo
50%
Espinosa de Cervera
50%
Estépar
50%
Fontioso
50%
Fresnillo de las Dueñas
50%
Fuentelcésped
50%
Fuentenebro
50%
Fuentespina
50%
Gallejones (Valle de Zamanzas)
50%
Gumiel del Mercado
50%
Hacinas
50%
Haza
50%
Hontanas
50%
Hontangas
50%
Hontoria de la Cantera
50%
Hontoria de los Valdearados
50%
Hontoria del Pinar
50%
Hortigüela
50%
Huérmeces
50%
Huerta de Abajo (Valle de Valdelaguna)
50%
Huerta de Arriba
50%
Huerta de Rey
50%
Jaramillo de la Fuente
50%
La Horra
50%
Lara de los Infantes (Jurisdicción de Lara)
50%
Las Quintanillas
50%
La Vid de Bureba
50%
Los Balbases
50%
Madrigal del Monte
50%
Mamolar
50%
Mazuela
50%
Mecerreyes
50%
Melgar de Fernamental
50%
Modúbar de la Emparedada
50%
Monasterio de la Sierra
50%
Monasterio de Rodilla
50%
Nebreda
50%
Oquillas
50%
Palacios de la Sierra
50%
Palazuelos del Muñó
50%
Pampliega
50%
Pardilla
50%
Pedrosa del Príncipe
50%
Peñaranda de Duero
50%
Pineda de la Sierra
50%
Pineda Trasmonte
50%
Pinilla de los Barruecos
50%
Pinilla Trasmonte
50%
Pradoluengo
50%
Presencio
50%
Puentedura
50%
Quemada
50%
Quintana del Pidio
50%
Quintana Martín Galíndez (Valle de Tobalina)
50%
Quintanaortuño
50%
Quintanapalla
50%
Quintanilla del Agua (y Tordueles)
50%
Quintanilla de la Mata
50%
Quintanilla del Coco
50%
Quintanilla Vivar
50%
Regumiel de la Sierra
50%
Retuerta
50%
Rubena
50%
Salas de Bureba
50%
Saldaña de Burgos
50%
Santa Gadea del Cid
50%
Santa María del Campo
50%
Santa María del Invierno
50%
Santa María del Mercadillo
50%
Santibáñez de Esgueva
50%
Santibáñez del Val
50%
Sarracín
50%
Solarana
50%
Soncillo (Valle de Valdebezana)
50%
Sostresgudo
50%
Sotragero
50%
Tardajos
50%
Tejada
50%
Tobar
50%
Tordómar
50%
Torregalindo
50%
Torresandino
50%
Tórtoles de Esgueva
50%
Tosantos
50%
Trespaderne
50%
Tubilla del Agua
50%
Tubilla del Lago
50%
Valdeande
50%
Valdorros
50%
Valle de Tobalina
50%
Valmala
50%
Villafranca Montes de Oca
50%
Villafruela
50%
Villalba de Duero
50%
Villalbilla de Gumiel
50%
Villalmanzo
50%
Villanueva de Carazo
50%
Villanueva de Gumiel
50%
Villaquirán de los Infantes
50%
Villariezo
50%
Villasandino
50%
Villaverde-Mogina
50%
Vilviestre del Pinar
50%
Zazuar
50%
Zuzones
50%
Adrada de Haza
0%
Aguilar de Bureba
0%
Albillos
0%
Alocero de Mola
0%
Altable
0%
Arraya de Oca
0%
Avellanosa del Muñó
0%
Bañuelos de Bureba
0%
Barbadillo de Herreros
0%
Barrios de Colina
0%
Basconcillos del Tozo
0%
Bascuñana
0%
Berberana
0%
Berlanga de Roa
0%
Berzosa de Bureba
0%
Bozoó
0%
Brazacorta
0%
Bugedo
0%
Cabezón de la Sierra
0%
Campillo de Aranda
0%
Campolara
0%
Cantabrana
0%
Carcedo de Bureba
0%
Cardeñuela Riopico
0%
Carrias
0%
Cascajares de Bureba
0%
Castellanos de Castro
0%
Castildelgado
0%
Castil de Peones
0%
Castrillo de la Vega
0%
Castrillo de Riopisuerga
0%
Castrillo Matajudíos
0%
Castrobarto (Junta de Traslaloma)
0%
Cayuela
0%
Celada del Camino
0%
Cerezo del Río Tirón
0%
Cerratón de Juarros
0%
Ciadoncha
0%
Cillaperlata
0%
Comunidad de Aldehorno y Moradillo de Roa
0%
Comunidad de Hinojosa de Río Pisuerga y Castrillo de Riopisuerga
0%
Comunidad de los Alucinos y Revilla del Campo
0%
Comunidad de San Millán de Lara y Tinieblas
0%
Comunidad de San Vicente del Valle y Villagalijo
0%
Contreras
0%
Cornejo (Merindad de Sotoscueva)
0%
Cubillos del César
0%
Cubo de Bureba
0%
Cuevas de San Clemente
0%
Dobro (Los Altos)
0%
El Cañón (Valle de Losa)
0%
Encío
0%
Espinosa del Campo
0%
Frandovínez
0%
Fresneda de la Sierra Tirón
0%
Fresneña
0%
Fresno del Río Tirón
0%
Fuentecén
0%
Fuentelisendo
0%
Fuentemolinos
0%
Galbarros
0%
Grijalba
0%
Grisaleña
0%
Hornillos del Camino
0%
Hoyales de Roa
0%
Humada
0%
Hurones
0%
Ibrillos
0%
Iglesiarrubia
0%
Iglesias
0%
Isar
0%
Itero del Castillo
0%
Jaramillo Quemado
0%
La Cueva de Roa
0%
La Gallega
0%
La Parte (Las Hormazas)
0%
La Revilla (La Revilla y Ahedo)
0%
La Sequera de Haza
0%
Llano de Bureba
0%
Los Alusines
0%
Los Barrios de Bureba
0%
Mahamud
0%
Mambrilla de Castrejón
0%
Mambrillas de Lara
0%
Manciles
0%
Manzanedo (Valle de Manzanedo)
0%
Merindad de Cuesta Urría
0%
Miraveche
0%
Moncalvillo
0%
Monterrubio de la Demanda
0%
Montorio
0%
Moradillo de Roa
0%
Nava de Roa
0%
Navas de Bureba
0%
Neila
0%
Nofuentes (Merindad de Cuesta-Urría)
0%
Olmedillo de Roa
0%
Olmillos de Muñó
0%
Padilla de Abajo
0%
Padilla de Arriba
0%
Padrones de Bureba
0%
Palacios de Riopisuerga
0%
Palazuelos de la Sierra
0%
Partido de la Sierra en Tobalina
0%
Pedrosa de Duero
0%
Pedrosa del Páramo
0%
Pedrosa de Río Úrbel
0%
Pedrosa de Valdeporres (Merindad de Valdeporres)
0%
Peral de Arlanza
0%
Piérnigas
0%
Pinilla de los Moros
0%
Poza de la Sal
0%
Prádanos de Bureba
0%
Quecedo de Valdivieso (Merindad de Valdivielso)
0%
Quintanabureba
0%
Quintanaélez
0%
Quintanas de Valdelucio (Valle de Valdelucio)
0%
Quintanavides
0%
Quintanilla San García
0%
Rabanera del Pinar
0%
Rábanos
0%
Rabé de las Calzadas
0%
Rebolledo de la Torre
0%
Redecilla del Camino
0%
Redecilla del Campo
0%
Reinoso de Bureba (Reinoso)
0%
Revilla del Campo
0%
Revillaruiz
0%
Revilla Vallejera
0%
Reyuela de Río Franco
0%
Rezmondo
0%
Riocavado de la Sierra
0%
Riopisuerga
0%
Río Quintanilla (Aguas Cándidas)
0%
Rioseras (Valle de las Navas)
0%
Rojas
0%
Rublacedo de Abajo
0%
Rucandio
0%
Salinillas de Bureba
0%
San Adrián de Juarros
0%
San Juan del Monte
0%
San Mamés de Burgos
0%
San Martín de Rubiales
0%
San Millán de Lara
0%
Santa Cecilia
0%
Santa Cruz de la Salceda
0%
Santa Cruz del Valle Urbión
0%
Santa Gadea de Alfoz (Alfoz de Santa Gadea)
0%
Santa Inés
0%
Santa María Ribarredonda
0%
Santa Olalla de Bureba
0%
Santibáñez Zarzaguda (Valle de Santibáñez)
0%
San Vicente del Valle
0%
San Zadornil (Jurisdicción San Zadornil)
0%
Sargentes de la Lora
0%
Sordillos
0%
Sotillo de la Ribera
0%
Susinos del Páramo
0%
Tamarón
0%
Terradillos de Esgueva
0%
Tinieblas de la Sierra
0%
Torrecilla del Monte
0%
Torrelara
0%
Torrepadre
0%
Úrbel del Castillo
0%
Vadocondes
0%
Valderrama (Partido de la Sierra en Tobalina)
0%
Valdezate
0%
Vallarta de Bureba
0%
Vallejera
0%
Valles de Palenzuela
0%
Valluércanes
0%
Vileña
0%
Villadelmiro
0%
Villaescusa de Roa
0%
Villaescusa la Sombría
0%
Villaespasa
0%
Villagalijo
0%
Villalba de Losa (Junta de Villabla de Losa)
0%
Villamayor de los Montes
0%
Villamayor de Treviño
0%
Villambistia
0%
Villamedianilla
0%
Villamiel de la Sierra
0%
Villanasur Río de Oca (Valle de Oca)
0%
Villangómez
0%
Villanueva de Argaño
0%
Villanueva de Teba
0%
Villaquirán de la Puebla
0%
Villasante de Montija (Merindad de Montija)
0%
Villasur de Herreros
0%
Villatuelda
0%
Villaverde del Monte
0%
Villayerno Morquillas
0%
Villazopeque
0%
Villegas
0%
Villoruebo
0%
Viloria de Rioja
0%
Vizcaínos
0%
Zael
0%
Zarzosa de Río Pisuerga
0%
Zuñeda
0%
No se encontraron pruebas coincidentes
Distribución de puntuación
Porcentaje de gente con cada puntuación
Porcentaje por número respondido
Historial de tus puntuaciones
No has intentado esta prueba desde el último reinicio